000 01308nam a22003377a 4500
001 T0000001
003 KOHA_MİRAKIL
005 20260207004503.0
007 ta
008 190401b2010 xx |||grm|||#0|||0|tur |
040 _aTR-BiSEU
_btur
_cTR-BiSEU
_erda
041 0 _atur
050 0 0 _aTez
_b1
100 1 _aKasımoğlu, Hasan.
245 1 _aTerörün küreselleşmesi ve AB'nin terörle mücadele politikasındaki dönüşüm/
_cHasan Kasımoğlu ; Hasan Kasımoğlu; danışman Murat Ercan.
264 1 _aBilecik :
_bBilecik Üniversitesi
_c2010
300 _aXI, 163 sayfa; 30 cm. +
_e1 CD-ROM
336 _ametin
_btxt
_2rdacontent
337 _aaracısız
_bn
_2rdamedia
338 _acilt
_bnc
_2rdacarrier
500 _aRef: 372478/01
500 _aKaynakça var.
500 _aİngilizce Eser Adı: Globalization of terrorism and EU transition on the policy of fighting against terrorism
502 _aTez (Yüksek Lisans) -- Bilecik Üniversitesi Sosyal Bilimler Enstitüsü Kamu Yönetimi Anabilim Dalı, Bilecik, .
650 0 _aTerör--Küresel terörizm.
_9118763
650 0 _aTerör--11 Eylül saldırısı.
_9118764
650 0 _aTerror--Global terrorism.
_9118765
650 0 _aTerror--11 September offence.
_9118766
856 4 0 _uhttp://acikkaynak.bilecik.edu.tr/xmlui/handle/11552/90
907 _aYüksek Lisans
942 _2lcc
_cTS
999 _c64552
_d64552